An invitation to reflexive sociology = Una invitación a la sociología reflexiva /
Salvato in:
| Autore principale: | |
|---|---|
| Natura: | Sconosciuto |
| Lingua: | English |
| Pubblicazione: |
Chicago :
University of Chicago Press,
1992.
|
| Soggetti: | |
| Tags: |
Aggiungi Tag
Nessun Tag, puoi essere il primo ad aggiungerne!!
|
MARC
| LEADER | 000000000a22000000004500 | ||
|---|---|---|---|
| 001 | 014088 | ||
| 020 | |a 0226067408 | ||
| 041 | 0 | |a eng | |
| 082 | 0 | 4 | |a 301 |b D769a |
| 100 | 1 | |a Bourdieu, Pierre, |d 1930-2002. | |
| 245 | 1 | 3 | |a An invitation to reflexive sociology = |b Una invitación a la sociología reflexiva / |c Pierre Bourdieu. |
| 246 | 3 | 1 | |a Una invitación a la sociología reflexiva |
| 260 | 1 | |a Chicago : |b University of Chicago Press, |c 1992. | |
| 300 | |a xiv, 332 páginas ; |c 24 cm. | ||
| 650 | 4 | |a SOCIOLOGIA | |
| 500 | |a Colección George Yúdice | ||
| 999 | |c 19987 |d 19987 | ||
| 942 | |c BK |h 301 D769a |2 z | ||



